Datum a čas kvízu
33.5
Celkem bodů
Celkový počet nahraných bodů na tomto kvízu bez doplňovacích otázek.
4.
Pořadí na kvízu
Konečné umístění týmu na tomto kvízu.
Zaznamenané odpovědi
| # | Otázka | Odpověď | Body | Výsledky |
|---|---|---|---|---|
| 1. | Facebook minulý týden zablokov... | Trutnov | 1 | |
| 2. | Syn jednoho amerického politik... | Donald Trump (mladší) | 1 | |
| 3. | Populární anglický zpěvák minu... | Ed Sheeran | 1 | |
| 4. | Další z diskontních řetězců pů... | Penny Market | 1 | |
| 5. | Unie českých fotbalových trené... | Pavel Vrba | 0 | |
| 6. | Pojďme se společně chvíli troc... | Casper | 1 | |
| 7. | I v nevinně vypadajících hračk... | Annabelle | 1 | |
| 8. | Máloco člověku způsobilo takov... | A) Doktor Spánek | 1 | |
| 9. | Dokážete správně přiřadit tyto... | 1D 2A 3C 4B | 1 | |
| 10. | Čas od času se prý na rožmbers... | Perchta (z Rožmberka) | 1 |